Follow That Line: 'Doctor Who' Quiz Stats

 Plays Quiz Updated Jan 10, 2019

Support Sporcle.
Go Orange.
Score 0/25 Timer 06:00
1 Play Today
% Correct
Are cool.
95%
Stuff.
89%
I once saved the universe with a big yellow truck!
88.4%
You were fantastic.
84.1%
Bad Wolf.
82%
Pond.
81.8%
Run for your life!
80.8%
They've got dogs with no noses!
79.7%
Blowing stuff up.
79.6%
You are not alone.
79%
Yes, we know who you are.
78.7%
Sweetie.
75.7%
I do!
75.7%
% Correct
When a good man goes to war.
75.2%
And he wants you to respect his life choices.
74.9%
Yeah it is.
74.6%
But you frighten the hell out of me.
71.5%
Does it need saying?
70.8%
Yeah! And doesn't that scare you to death?
69.5%
Or, as I’ve always known him, Jeff.
69%
Mrs. Robinson.
68.1%
Let somebody else try first.
67.8%
Affirmative!
67.8%
Yeah? Well I'm the Lord of Time.
65.4%
They never really stop.
63.6%

You're not logged in!

Compare scores with friends on all Sporcle quizzes.
OR
Log In
Forgot?

From the Vault

Hail Sizes

by smoggy14

Science 6m
We're kind of afraid of what Taft-sized hail might do to the world.
Remove Ads.
Support Sporcle.
Get the best of Sporcle when you Go Orange. This ad-free experience offers more features, more stats, and more fun while also helping to support Sporcle. Thank you for becoming a member.

Show Comments

Extras

Top Quizzes Today


Score Distribution

Your Account Isn't Verified!

In order to create a playlist on Sporcle, you need to verify the email address you used during registration. Go to your Sporcle Settings to finish the process.

Report this User

Report this user for behavior that violates our Community Guidelines.

Details: